002780000a220007300045001000029000002450097000293000046001267730032001721 aSánchez Cetina, Edesio10a¿Tendrán fe nuestros hijos? : Respuestas concretas para aliviar la crisis de las familias aVol. 54, Núm 239 (1999), Páginas 8-130 tLa Biblia de las Américas